00950nam a2200277Ia 4500001000700000008004100007020001800048082001500066100003300081245009600114250002200210260002100232300001100253500009400264503002600358504003300384650002200417650003100439650001700470650003000487650003000517650003400547650002200581650003200603700003700635Z_1784220601s9999 xx 000 0 und d a968-26-0351-x a631.81 C66 aCooke, George William, 1916- aFertilizacion para rendimientos maximos / G. w. cooke ; tradución Antonio Marino Ambrosio a5a. reimpresión aMéxico : CECSA a383 p. aTraducción de la obra en inglés: Fertilizing for maximum yield, 2a. edisión de 1975 aej.1: C/E \ ej.2: C/E aBibliografía: p. 362 - 370 a1. Fertilizantes  aFertilizantes orgánicos  aEstiércol  aFertilizantes compuestos  aFertilizantes fosforados  aFertilizantes de nitrógeno  aBiofertilizantes  aRendimiento de los cultivos aMarino Ambrosio, Antonio, tr.Ì